000
003110000a22001450004500
003
MACL
040
_a
MACL
090
_c
47897
_d
47895
100
_a
Graham,Buck
245
_a
TCP/IP Addressing
260
_a
Noida
_b
Morgan Kaufmann
_c
2001
350
_a
295
650
_a
computer lag.
942
_c
BOOK
_k
004.6/GRA
999
_c
47390
_d
47390